[Event "21st European Teams Women"]
[Site "Hersonissos GRE"]
[Date "2017.10.28"]
[Round "1.1"]
[Board "1"]
[White "Lagno, Kateryna"]
[Black "Botsari, Anna-Maria"]
[Result "1-0"]
[WhiteTitle "GM"]
[BlackTitle "WGM"]
[WhiteElo "2541"]
[BlackElo "2287"]
[WhiteTeam "Russia"]
[BlackTeam "Greece 1"]
[WhiteFideId "14109336"]
[BlackFideId "4200446"]
[EventDate "2017.10.28"]

1. e4 c5 2. Nf3 e6 3. d4 cxd4 4. Nxd4 Nc6 5. Nc3 Qc7 6. Be2 Nf6 7. Be3 Be7 8. f4
d6 9. Qd2 O-O 10. O-O-O Nxd4 11. Qxd4 b6 12. g4 d5 13. e5 Nd7 14. Nb5 Qb8 15.
Qd2 Ba6 16. Nd4 Bxe2 17. Qxe2 Re8 18. h4 Bf8 19. g5 Nc5 20. h5 Qb7 21. Kb1 a5
22. g6 fxg6 23. hxg6 h6 24. f5 exf5 25. Bxh6 gxh6 26. Nxf5 Re6 27. g7 Bxg7 28.
Rdg1 Ra7 29. Nxg7 Qxg7 30. Rxg7+ Rxg7 31. Qd2 Rg5 32. Qxd5 Rxe5 33. Qd2 Kh7 34.
a3 Ne4 35. Qf4 Ng5 36. Ka2 Rc5 37. Rd1 Kg6 38. Rd8 Rxc2 39. Rg8+ Kh5 40. Rxg5+
hxg5 41. Qf7+ Rg6 42. Qh7+ Rh6 43. Qxc2 g4 44. Qf5+ Kh4 45. Qf2+ Kg5 46. Qe3+
Kh5 47. Kb3 Rg6 48. Qg3 Rc6 49. Ka4 Rc5 50. Qf4 Rg5 51. Qh2+ Kg6 52. Qd6+ Kh5
53. Qxb6 g3 54. Qg1 g2 55. b4 axb4 56. axb4 Rg4 57. Ka5 Kh4 58. b5 Rg5 59. Qh2+ 1-0

[Event "21st European Teams Women"]
[Site "Hersonissos GRE"]
[Date "2017.10.28"]
[Round "1.1"]
[Board "2"]
[White "Tsolakidou, Stavroula"]
[Black "Gunina, Valentina"]
[Result "1-0"]
[WhiteTitle "WGM"]
[BlackTitle "GM"]
[WhiteElo "2340"]
[BlackElo "2502"]
[WhiteTeam "Greece 1"]
[BlackTeam "Russia"]
[WhiteFideId "4264312"]
[BlackFideId "4167570"]
[EventDate "2017.10.28"]

1. e4 e5 2. Nf3 Nc6 3. Bb5 Nf6 4. d3 Bc5 5. Bxc6 dxc6 6. Nbd2 O-O 7. Nc4 Nd7 8.
Qe2 f6 9. Bd2 Nb6 10. Ne3 Be6 11. O-O Nc8 12. b4 Bxe3 13. Qxe3 Nd6 14. a4 Qe8
15. Bc3 Qh5 16. Nd2 a6 17. f4 exf4 18. Qxf4 a5 19. Qe3 axb4 20. Bxb4 Rf7 21. Qg3
c5 22. Bc3 Raf8 23. Rf4 Bd7 24. Nf3 c4 25. Bb4 Re7 26. Rf1 Bxa4 27. e5 fxe5 28.
Rxf8+ Kxf8 29. Nxe5+ Ke8 30. d4 Bxc2 31. Qf4 Kd8 32. Bxd6 cxd6 33. Nxc4 Qg6 34.
Nxd6 Bd3 35. Rc1 Qf6 36. Qg4 Rc7 37. Nxb7+ Ke8 38. Re1+ Kf8 39. Nc5 Bf5 40. Qf4
Rc8 41. g4 Kg8 42. gxf5 h6 43. Qe5 Qg5+ 44. Kh1 Qg4 45. Qe6+ Kh7 46. Qxc8 Qf3+
47. Kg1 Qg4+ 48. Kf2 Qxd4+ 49. Kf3 Qc3+ 50. Re3 1-0

[Event "21st European Teams Women"]
[Site "Hersonissos GRE"]
[Date "2017.10.28"]
[Round "1.1"]
[Board "3"]
[White "Girya, Olga"]
[Black "Pavlidou, Ekaterini"]
[Result "1-0"]
[WhiteTitle "WGM"]
[BlackTitle "WIM"]
[WhiteElo "2505"]
[BlackElo "2198"]
[WhiteTeam "Russia"]
[BlackTeam "Greece 1"]
[WhiteFideId "4195752"]
[BlackFideId "4213262"]
[EventDate "2017.10.28"]

1. d4 Nf6 2. c4 e6 3. Nf3 Bb4+ 4. Bd2 Qe7 5. g3 Nc6 6. Nc3 O-O 7. Bg2 Na5 8. b3
b6 9. O-O Bb7 10. Qc2 Rac8 11. Rfe1 c5 12. a3 Bxc3 13. Bxc3 Be4 14. Qb2 d5 15.
dxc5 dxc4 16. cxb6 Nxb3 17. Bb4 Qb7 18. Bxf8 Nxa1 19. Bxg7 Kxg7 20. Qxa1 Qxb6
21. Qc3 Rc5 22. Nd2 Bxg2 23. Kxg2 e5 24. Rc1 Qc6+ 25. f3 a6 26. e4 Nd7 27. Nf1
f5 28. exf5 Nb6 29. Ne3 Na4 30. Qb4 c3 31. Qg4+ Kf8 32. f6 Qxf6 33. Qxa4 Qd6 34.
Rd1 1-0

[Event "21st European Teams Women"]
[Site "Hersonissos GRE"]
[Date "2017.10.28"]
[Round "1.1"]
[Board "4"]
[White "Avramidou, Anastasia"]
[Black "Goryachkina, Aleksandra"]
[Result "1/2-1/2"]
[WhiteTitle "FM"]
[BlackTitle "WGM"]
[WhiteElo "2257"]
[BlackElo "2478"]
[WhiteTeam "Greece 1"]
[BlackTeam "Russia"]
[WhiteFideId "4239873"]
[BlackFideId "4147103"]
[EventDate "2017.10.28"]

1. c4 Nf6 2. Nc3 e5 3. g3 Bb4 4. Qc2 O-O 5. Bg2 Nc6 6. Nf3 d6 7. O-O Bg4 8. a3
Bxc3 9. dxc3 h6 10. e4 Qd7 11. a4 Bh3 12. Nh4 Ne7 13. b3 a5 14. Bxh3 Qxh3 15. f3
Rae8 16. Qg2 Qe6 17. g4 Kh7 18. Kh1 Nd7 19. Be3 Nc5 20. Rab1 b6 21. Nf5 f6 22.
Qh3 Qf7 23. Rg1 Ne6 24. Rg3 Ng5 25. Qf1 g6 26. Nxh6 Kxh6 27. h4 Rh8 28. hxg5+
Kg7+ 29. Kg1 Nc6 30. Rb2 Nd8 31. Rh2 fxg5 32. Bxg5 Ne6 33. Qc1 Rxh2 34. Kxh2
Rh8+ 35. Kg2 Kg8 36. Be3 Qh7 37. Kf2 Qh4 38. Qg1 Nf4 39. Kf1 Qg5 40. Ke1 Rh4 41.
Bxf4 Qxf4 42. Ke2 Qh6 43. g5 Qh5 44. Kd3 Rh1 45. Qg2 Qh4 46. c5 bxc5 47. Rg4
Rd1+ 48. Kc4 Qh7 49. Kb5 Qd7+ 50. Ka6 Qc6+ 51. Ka7 Qb6+ 52. Ka8 Qxb3 53. Qe2 c4
54. Qf2 Qxa4 55. Qa7 Qe8+ 56. Qb8 Qxb8+ 57. Kxb8 c5 58. Kc7 Rd3 59. f4 a4 60. f5
a3 61. Rg2 Rxc3 62. Kxd6 Rb3 63. Ra2 gxf5 64. exf5 c3 65. Ke7 c4 66. f6 Rb7+ 67.
Ke8 Rb8+ 68. Ke7 Rb7+ 69. Ke8 1/2-1/2

[Event "21st European Teams Women"]
[Site "Hersonissos GRE"]
[Date "2017.10.28"]
[Round "1.2"]
[Board "1"]
[White "Ziaziulkina, Nastassia"]
[Black "Dzagnidze, Nana"]
[Result "1-0"]
[WhiteTitle "IM"]
[BlackTitle "GM"]
[WhiteElo "2369"]
[BlackElo "2520"]
[WhiteTeam "Belarus"]
[BlackTeam "Georgia"]
[WhiteFideId "13505211"]
[BlackFideId "13601903"]
[EventDate "2017.10.28"]

1. e4 e6 2. d4 d5 3. Nc3 Bb4 4. e5 c5 5. a3 Bxc3+ 6. bxc3 Qa5 7. Bd2 Qa4 8. Qb1
c4 9. h4 Nc6 10. h5 h6 11. Nf3 Bd7 12. Qb2 Nge7 13. g3 O-O-O 14. Rb1 b6 15. Bg2
f6 16. Bf4 Qa5 17. exf6 gxf6 18. O-O Nf5 19. a4 Ng7 20. g4 f5 21. Ne5 fxg4 22.
Nf7 Nf5 23. Qa3 Rdf8 24. Nxh8 Rxh8 25. Rfe1 Rg8 26. Kh2 Nd8 27. Rb4 Nf7 28. Reb1
Ng5 29. Qc1 Nf7 30. Qe1 Kd8 31. Qd2 Ke7 32. Rg1 Kd8 33. Bf3 Nh4 34. Bd1 Bxa4 35.
Rxg4 Rxg4 36. Bxg4 Bd7 37. Bxh6 Nf5 38. Bg5+ Kc8 39. h6 Qa1 40. h7 Kb7 41. Bh5
Nxg5 42. h8=Q Ne4 43. Qf4 Qxc3 44. Qhb8+ Ka6 45. Qxa7+ 1-0

[Event "21st European Teams Women"]
[Site "Hersonissos GRE"]
[Date "2017.10.28"]
[Round "1.2"]
[Board "2"]
[White "Batsiashvili, Nino"]
[Black "Badelka, Olga"]
[Result "1/2-1/2"]
[WhiteTitle "IM"]
[BlackTitle "WIM"]
[WhiteElo "2472"]
[BlackElo "2353"]
[WhiteTeam "Georgia"]
[BlackTeam "Belarus"]
[WhiteFideId "13602993"]
[BlackFideId "13509926"]
[EventDate "2017.10.28"]

1. d4 d5 2. c4 dxc4 3. Nf3 Nf6 4. e3 b5 5. a4 b4 6. Bxc4 e6 7. a5 Be7 8. Ne5 O-O
9. Qf3 Nd5 10. O-O Ba6 11. Bxa6 Nxa6 12. e4 Nf6 13. Nc6 Qe8 14. Nxe7+ Qxe7 15.
Bg5 h6 16. Bh4 g5 17. Bg3 Rad8 18. Nd2 c5 19. Nc4 Ne8 20. d5 f5 21. d6 Qb7 22.
Be5 Nb8 23. Qh5 Kh7 24. exf5 Rxf5 25. Rad1 Nd7 26. Rfe1 Nxe5 27. Rxe5 Ng7 28.
Qe2 Qf7 29. Qe3 Qh5 30. Re1 g4 31. Qe4 Qg6 32. Rxf5 Nxf5 33. Qxe6 Qxe6 34. Rxe6
Kg7 35. Kf1 Kf7 36. Re5 Nxd6 37. Rxc5 Ne4 38. Rc7+ Ke6 39. Rxa7 Rd4 40. Rc7 Rxc4
41. Rxc4 Nd2+ 42. Ke2 Nxc4 43. a6 Kd6 44. b3 Nb6 45. f3 gxf3+ 46. Kxf3 Kc7 47.
g4 Nd7 48. h4 Kb6 49. Kf4 Nc5 50. g5 hxg5+ 51. hxg5 Nxb3 52. g6 Nc5 53. Kf5 b3
54. g7 b2 55. g8=Q b1=Q+ 56. Kf6 Qf1+ 57. Kg7 Kxa6 58. Qa8+ Kb5 59. Qe8+ Kb4 60.
Qe7 Qg1+ 61. Kh8 Kc4 62. Qf7+ Kd3 63. Qd5+ Kc3 64. Qe5+ Kc4 65. Qf4+ Kd5 66.
Qf5+ Kd4 67. Qf6+ Kd5 68. Qf5+ Kd4 69. Qf6+ 1/2-1/2

[Event "21st European Teams Women"]
[Site "Hersonissos GRE"]
[Date "2017.10.28"]
[Round "1.2"]
[Board "3"]
[White "Stetsko, Lanita"]
[Black "Khotenashvili, Bela"]
[Result "0-1"]
[WhiteTitle "FM"]
[BlackTitle "GM"]
[WhiteElo "2254"]
[BlackElo "2459"]
[WhiteTeam "Belarus"]
[BlackTeam "Georgia"]
[WhiteFideId "13505300"]
[BlackFideId "13602640"]
[EventDate "2017.10.28"]

1. e4 g6 2. d4 Bg7 3. Nf3 d6 4. Nc3 a6 5. Be3 b5 6. a4 b4 7. Nd5 Bb7 8. Bd3 a5
9. c3 e6 10. Nf4 Na6 11. O-O Nf6 12. Qc2 O-O 13. h3 Qe7 14. e5 Nd7 15. exd6 cxd6
16. Be4 Nb6 17. Bxb7 Qxb7 18. c4 Rac8 19. b3 Nd7 20. Rad1 Rfe8 21. Ng5 Nf6 22.
Ne2 d5 23. c5 e5 24. dxe5 Rxe5 25. Nf3 Re4 26. Ng3 Ree8 27. Bd4 Nxc5 28. Qb2 Re6
29. Ng5 Rec6 30. Rfe1 h6 31. Nf3 Nce4 32. Nxe4 dxe4 33. Nd2 Re6 34. Nc4 Qa6 35.
Nd2 Rce8 36. Rc1 Nh5 37. Bxg7 Nxg7 38. Qd4 Nf5 39. Qc5 Re5 40. Qc7 R5e7 41. Qc4
Qa8 42. Nf1 h5 43. Ne3 Re5 44. Nxf5 Rxf5 45. Rcd1 Qa7 46. Re3 Qc5 47. Qe2 Rd5
48. Rxd5 Qxd5 49. h4 Rd8 50. Qa6 Qe5 51. Re1 Kg7 52. Qb6 Rd3 53. Re3 Rd1+ 0-1

[Event "21st European Teams Women"]
[Site "Hersonissos GRE"]
[Date "2017.10.28"]
[Round "1.2"]
[Board "4"]
[White "Javakhishvili, Lela"]
[Black "Revo, Tatiana"]
[Result "1-0"]
[WhiteTitle "IM"]
[BlackTitle "WFM"]
[WhiteElo "2438"]
[BlackElo "2097"]
[WhiteTeam "Georgia"]
[BlackTeam "Belarus"]
[WhiteFideId "13601458"]
[BlackFideId "13506480"]
[EventDate "2017.10.28"]

1. d4 Nf6 2. Nf3 g6 3. Bf4 Bg7 4. e3 d6 5. Be2 O-O 6. h3 c5 7. c3 Qb6 8. Qb3 Nc6
9. Qxb6 axb6 10. Nbd2 Be6 11. a3 Bf5 12. g4 Bd7 13. Bg3 Rfe8 14. O-O Na7 15.
Rfe1 Bc6 16. Bd3 Rad8 17. e4 e5 18. d5 Bd7 19. b4 Nb5 20. Bxb5 Bxb5 21. a4 Bd7
22. b5 h5 23. g5 Nh7 24. Kg2 Bf8 25. Nc4 Be7 26. h4 f6 27. gxf6 Nxf6 28. Nxb6
Bg4 29. Nd2 Nh7 30. a5 Rb8 31. f3 Bc8 32. Ndc4 g5 33. Rh1 g4 34. f4 exf4 35.
Bxf4 Rd8 36. a6 1-0

[Event "21st European Teams Women"]
[Site "Hersonissos GRE"]
[Date "2017.10.28"]
[Round "1.3"]
[Board "1"]
[White "Muzychuk, Anna"]
[Black "Rapport, Jovana"]
[Result "1-0"]
[WhiteTitle "GM"]
[BlackTitle "WGM"]
[WhiteElo "2576"]
[BlackElo "2327"]
[WhiteTeam "Ukraine"]
[BlackTeam "Serbia"]
[WhiteFideId "14111330"]
[BlackFideId "937266"]
[EventDate "2017.10.28"]

1. e4 c5 2. Nc3 Nc6 3. Bb5 Nd4 4. Nf3 Nxb5 5. Nxb5 d6 6. d4 Nf6 7. Nc3 cxd4 8.
Qxd4 e5 9. Qd3 h6 10. O-O Be7 11. Nd2 Be6 12. Nc4 Rc8 13. Ne3 a6 14. a4 Qc7 15.
Rd1 O-O 16. Bd2 Bc4 17. Nxc4 Qxc4 18. Be1 Rfd8 19. a5 Rd7 20. f3 Qxd3 21. Rxd3
Kf8 22. Bh4 Ng8 23. Be1 Rc6 24. Nd5 Nf6 25. Ne3 Ne8 26. c4 Nc7 27. b3 h5 28.
Rad1 g6 29. Nc2 Ne6 30. Nb4 Rc8 31. Nd5 Bd8 32. Bb4 Nc5 33. Rc3 f6 34. Kf1 Kf7
35. Ke2 f5 36. Bxc5 dxc5 37. Ra1 Rc6 38. g4 f4 39. Rd3 g5 40. Nxf4 Rxd3 41. Nxd3
Ke6 42. gxh5 Rc7 43. Rd1 Rc8 1-0

[Event "21st European Teams Women"]
[Site "Hersonissos GRE"]
[Date "2017.10.28"]
[Round "1.3"]
[Board "2"]
[White "Eric, Jovana"]
[Black "Zhukova, Natalia"]
[Result "0-1"]
[WhiteTitle "WIM"]
[BlackTitle "GM"]
[WhiteElo "2257"]
[BlackElo "2426"]
[WhiteTeam "Serbia"]
[BlackTeam "Ukraine"]
[WhiteFideId "938238"]
[BlackFideId "14101513"]
[EventDate "2017.10.28"]

1. e4 e6 2. d4 d5 3. Nc3 Bb4 4. Qd3 Ne7 5. Bd2 b6 6. Nge2 Ba6 7. Qf3 dxe4 8.
Qxe4 Nbc6 9. a3 Bxc3 10. Bxc3 Qd5 11. Qg4 Qf5 12. Qxf5 Nxf5 13. Ng3 Nxg3 14.
hxg3 Bxf1 15. Kxf1 f6 16. Re1 Kf7 17. g4 Rad8 18. Re4 Rd5 19. Rh3 Rhd8 20. Rh5
R5d6 21. Rxh7 Nxd4 22. g5 Kg6 23. Rhh4 fxg5 24. Rhg4 Nf5 25. f4 Rd1+ 26. Ke2 Rc1
27. Rxg5+ Kf7 28. Kf3 Rxc2 29. Re1 Rd3+ 30. Ke4 Rd5 31. g4 Nd6+ 32. Kf3 Rxg5 33.
fxg5 Nb5 34. Be5 Rc6 35. Rh1 Kg6 36. Rh8 Rc5 37. Kf4 Rc4+ 38. Kg3 Re4 39. Bf4 e5
40. Bc1 Re1 41. Bd2 Rb1 42. b4 Nxa3 43. Kf2 Rb2 44. Ke1 Nc4 0-1

[Event "21st European Teams Women"]
[Site "Hersonissos GRE"]
[Date "2017.10.28"]
[Round "1.3"]
[Board "3"]
[White "Ushenina, Anna"]
[Black "Zarkovic, Mila"]
[Result "1/2-1/2"]
[WhiteTitle "GM"]
[BlackTitle "WIM"]
[WhiteElo "2445"]
[BlackElo "2241"]
[WhiteTeam "Ukraine"]
[BlackTeam "Serbia"]
[WhiteFideId "14110911"]
[BlackFideId "900451"]
[EventDate "2017.10.28"]

1. d4 Nf6 2. c4 e6 3. Nf3 Bb4+ 4. Nbd2 b6 5. a3 Bxd2+ 6. Qxd2 Bb7 7. e3 O-O 8.
Be2 d6 9. O-O Nbd7 10. b4 Ne4 11. Qc2 c5 12. Bb2 Qe7 13. Rad1 f5 14. Ne1 Rad8
15. f3 Ng5 16. Nd3 e5 17. bxc5 bxc5 18. dxe5 dxe5 19. Nf2 Bc6 20. Rd2 Nb6 21.
Rxd8 Rxd8 22. Rd1 Rxd1+ 23. Qxd1 e4 24. f4 Nf7 25. g4 Nd6 26. Qc2 Qf7 27. gxf5
Nxf5 28. Qd2 h6 29. Ng4 Nxc4 30. Qd8+ Kh7 31. Ne5 Nxe5 32. Bxe5 Nxe3 33. Qc8 Qd7
34. Qxd7 Bxd7 35. Bd6 Nd5 36. Ba6 Bc6 37. Bxc5 Nxf4 38. Bxa7 g5 39. Kf2 Kg6 40.
Ke3 Ne6 41. a4 Kf5 42. a5 Ke5 43. Bc8 Kd5 44. Bxe6+ Kxe6 45. a6 Kf5 46. Bb8 Kg4
47. a7 Kh3 48. Kf2 h5 49. Bd6 h4 50. Bc7 g4 51. Bd6 Bb7 1/2-1/2

[Event "21st European Teams Women"]
[Site "Hersonissos GRE"]
[Date "2017.10.28"]
[Round "1.3"]
[Board "4"]
[White "Injac, Teodora"]
[Black "Osmak, Iulija"]
[Result "1-0"]
[WhiteTitle "WFM"]
[BlackTitle "IM"]
[WhiteElo "2244"]
[BlackElo "2339"]
[WhiteTeam "Serbia"]
[BlackTeam "Ukraine"]
[WhiteFideId "932400"]
[BlackFideId "14101602"]
[EventDate "2017.10.28"]

1. Nf3 f5 2. g3 Nf6 3. Bg2 g6 4. O-O Bg7 5. d4 O-O 6. b3 d6 7. Bb2 c6 8. c4 a5
9. Nc3 Qc7 10. Re1 Na6 11. e4 fxe4 12. Nxe4 Nxe4 13. Rxe4 Bf5 14. Re3 Rae8 15.
Ng5 e5 16. dxe5 dxe5 17. Qe2 Nb4 18. g4 Bd7 19. a3 Na6 20. Ne4 Rf4 21. h3 Ref8
22. Rd1 Bc8 23. Red3 Qe7 24. Bc1 R4f7 25. Qa2 h6 26. Be3 Qh4 27. Qd2 Nc7 28. Nd6
Ne6 29. Nxf7 Rxf7 30. Qxa5 Nd4 31. Bxd4 exd4 32. Rf3 Rxf3 33. Bxf3 Qxh3 34. Qd8+
Kh7 35. Rd3 Bxg4 36. Bd5 cxd5 37. Rxh3 Bxh3 38. Qxd5 Bf5 39. Qxb7 d3 40. Qd5 Bc3
41. c5 d2 42. c6 Be6 43. Qd6 Kg7 44. c7 Bc8 45. f3 h5 46. Kf2 h4 47. Qe7+ Kg8
48. Qd8+ Kf7 49. Ke2 Ba6+ 50. Kd1 h3 51. Qd7+ Kf6 52. Qd6+ Kg5 53. Qxa6 h2 54.
Qf1 1-0

[Event "21st European Teams Women"]
[Site "Hersonissos GRE"]
[Date "2017.10.28"]
[Round "1.4"]
[Board "1"]
[White "Unuk, Laura"]
[Black "Zawadzka, Jolanta"]
[Result "1-0"]
[WhiteTitle "WIM"]
[BlackTitle "WGM"]
[WhiteElo "2363"]
[BlackElo "2422"]
[WhiteTeam "Slovenia"]
[BlackTeam "Poland"]
[WhiteFideId "14609215"]
[BlackFideId "1122320"]
[EventDate "2017.10.28"]

1. d4 d5 2. c4 e6 3. Nf3 c6 4. e3 Nf6 5. Nc3 Nbd7 6. Qc2 Bd6 7. Bd3 O-O 8. O-O
dxc4 9. Bxc4 e5 10. h3 h6 11. Bb3 Re8 12. Re1 e4 13. Nd2 Qe7 14. f3 exf3 15.
Nxf3 c5 16. Bd2 Nb6 17. e4 Bg3 18. e5 Nh5 19. dxc5 Bxe1 20. Rxe1 Nc4 21. Ne4
Nxd2 22. Qxd2 Rd8 23. Qe3 g5 24. Nd6 Be6 25. Bc2 Ng7 26. Nd4 Rf8 27. Qe4 f5 28.
exf6 Rxf6 29. Qh7+ Kf8 30. Qh8+ 1-0

[Event "21st European Teams Women"]
[Site "Hersonissos GRE"]
[Date "2017.10.28"]
[Round "1.4"]
[Board "2"]
[White "Szczepkowska, Karina"]
[Black "Krivec, Jana"]
[Result "1/2-1/2"]
[WhiteTitle "IM"]
[BlackTitle "WGM"]
[WhiteElo "2406"]
[BlackElo "2270"]
[WhiteTeam "Poland"]
[BlackTeam "Slovenia"]
[WhiteFideId "1122681"]
[BlackFideId "14601982"]
[EventDate "2017.10.28"]

1. d4 d6 2. e4 e5 3. Nf3 Nd7 4. Bc4 c6 5. a4 Be7 6. O-O Ngf6 7. Nc3 O-O 8. Re1
b6 9. Ba2 Bb7 10. Nh4 Nxe4 11. Nxe4 Bxh4 12. dxe5 dxe5 13. Qh5 Qe7 14. Re3 c5
15. Ng3 g6 16. Qg4 Kh8 17. Rd3 f5 18. Qh3 Rfd8 19. Bd2 f4 20. Ne2 Be4 21. Ra3
Bf5 22. Qc3 Bf6 23. Qc4 Nb8 24. Nc3 Nc6 25. Nd5 Qg7 26. c3 Rd6 27. Qf1 Rad8 28.
c4 Nd4 29. Bb1 Be6 30. Be4 a5 31. Bc3 Bg4 32. Bxd4 cxd4 33. Rb3 Qa7 34. Qd3 Bg7
35. h3 Be6 36. Re1 Bd7 37. Ra1 Be6 38. Re1 Bd7 39. Ra1 Be6 1/2-1/2

[Event "21st European Teams Women"]
[Site "Hersonissos GRE"]
[Date "2017.10.28"]
[Round "1.4"]
[Board "3"]
[White "Kaps, Darja"]
[Black "Kulon, Klaudia"]
[Result "0-1"]
[WhiteTitle "WGM"]
[BlackTitle "WGM"]
[WhiteElo "2196"]
[BlackElo "2358"]
[WhiteTeam "Slovenia"]
[BlackTeam "Poland"]
[WhiteFideId "14602334"]
[BlackFideId "1131044"]
[EventDate "2017.10.28"]

1. e4 c5 2. d3 Nc6 3. Nc3 g6 4. g3 Bg7 5. Bg2 Rb8 6. a4 a6 7. Nge2 b5 8. axb5
axb5 9. O-O b4 10. Nd5 e6 11. Ne3 Nge7 12. c4 Nd4 13. Nxd4 Bxd4 14. Nc2 Bg7 15.
Bf4 d6 16. Qc1 h6 17. Rd1 Nc6 18. e5 Nxe5 19. d4 Nxc4 20. Ne1 g5 21. Qxc4 gxf4
22. dxc5 fxg3 23. hxg3 d5 24. Qe2 O-O 25. Ra7 Bd7 26. Nd3 Bb5 27. Qg4 b3 28. Ne5
Qg5 29. Qxg5 hxg5 30. f4 gxf4 31. gxf4 Ra8 32. Rxa8 Rxa8 33. Rc1 Rc8 34. Kf2 Bc4
35. Bf1 Rxc5 36. Nxc4 dxc4 37. Rxc4 Bxb2 38. Kf3 Ba3 39. Rxc5 Bxc5 40. Bd3 Kg7
41. Ke4 Kf6 42. Bc4 b2 43. Ba2 Bd6 44. Bb1 Bc7 45. Bc2 Ke7 46. f5 Kf6 47. fxe6
Kxe6 48. Bb3+ Kf6 49. Bc2 Kg5 50. Bb1 Kg4 51. Ke3 f5 52. Bc2 f4+ 53. Kf2 Bb6+
54. Kf1 Kf3 55. Bb1 Ke3 56. Ke1 f3 57. Bf5 f2+ 58. Kf1 Kd4 0-1

[Event "21st European Teams Women"]
[Site "Hersonissos GRE"]
[Date "2017.10.28"]
[Round "1.4"]
[Board "4"]
[White "Majdan, Joanna"]
[Black "Janzelj, Lara"]
[Result "1-0"]
[WhiteTitle "WGM"]
[BlackTitle "WFM"]
[WhiteElo "2349"]
[BlackElo "2192"]
[WhiteTeam "Poland"]
[BlackTeam "Slovenia"]
[WhiteFideId "1121979"]
[BlackFideId "14608391"]
[EventDate "2017.10.28"]

1. e4 e5 2. Nf3 Nc6 3. Bc4 Bc5 4. c3 Nf6 5. d3 O-O 6. Bb3 d5 7. Nbd2 dxe4 8.
dxe4 Bg4 9. h3 Bh5 10. Qe2 Qe7 11. Nf1 Bxf3 12. Qxf3 Na5 13. Bc2 Nc4 14. Ng3
Rfd8 15. Nf5 Qd7 16. Qe2 Nd6 17. Ng3 h6 18. O-O b5 19. Kh1 Bb6 20. f4 Qe7 21.
fxe5 Qxe5 22. Bf4 Qe7 23. e5 Re8 24. Qd3 1-0

[Event "21st European Teams Women"]
[Site "Hersonissos GRE"]
[Date "2017.10.28"]
[Round "1.5"]
[Board "1"]
[White "Paehtz, Elisabeth"]
[Black "Repkova, Eva"]
[Result "1-0"]
[WhiteTitle "IM"]
[BlackTitle "IM"]
[WhiteElo "2453"]
[BlackElo "2323"]
[WhiteTeam "Germany"]
[BlackTeam "Slovakia"]
[WhiteFideId "4641833"]
[BlackFideId "14900440"]
[EventDate "2017.10.28"]

1. d4 Nf6 2. c4 e6 3. g3 d5 4. Bg2 Be7 5. Nf3 O-O 6. O-O dxc4 7. Qc2 a6 8. a4
Nc6 9. Qxc4 Qd5 10. Nbd2 Rd8 11. e3 Bd7 12. Qe2 Qh5 13. h3 e5 14. g4 Nxg4 15.
Nxe5 Ncxe5 16. dxe5 Nf6 17. Qxh5 Nxh5 18. Bxb7 Rab8 19. Bg2 Be6 20. Kh2 f6 21.
Bf3 Bf7 22. e6 Be8 23. Nc4 Rb4 24. Na5 Rb6 25. b3 Rxe6 26. Nb7 Rd7 27. Bg4 f5
28. Bxf5 Rb6 29. Bxd7 Bxd7 30. Na5 Rh6 31. Ba3 c5 32. Rad1 Bd6+ 33. f4 Bf5 34.
Nc4 Be7 35. Bb2 Nf6 36. Bxf6 Rxh3+ 37. Kg2 Bxf6 38. Rd5 Rh5 39. Rxf5 Rxf5 40.
Rd1 Be7 41. Rd7 Kf8 42. Ra7 Rf6 43. Ra8+ Kf7 44. Ne5+ Ke6 45. Rxa6+ Kd5 46. Ra7
Bd6 47. Rxg7 Bxe5 48. Rg5 Rb6 49. Rxe5+ Kd6 50. Kf3 Rxb3 51. Rh5 Ra3 52. Rh6+
Kd5 53. Rxh7 Rxa4 54. Rd7+ Ke6 55. Rd3 Ra7 56. e4 Rh7 57. f5+ Ke7 58. Kf4 Ke8
59. Rc3 1-0

[Event "21st European Teams Women"]
[Site "Hersonissos GRE"]
[Date "2017.10.28"]
[Round "1.5"]
[Board "2"]
[White "Cibickova, Zuzana"]
[Black "Heinemann, Josefine"]
[Result "1/2-1/2"]
[WhiteTitle "WGM"]
[BlackTitle "WIM"]
[WhiteElo "2290"]
[BlackElo "2269"]
[WhiteTeam "Slovakia"]
[BlackTeam "Germany"]
[WhiteFideId "14905779"]
[BlackFideId "12900460"]
[EventDate "2017.10.28"]

1. e4 e5 2. Nf3 Nc6 3. Bc4 Bc5 4. c3 Nf6 5. d3 a6 6. Bb3 d6 7. O-O Ba7 8. Nbd2
O-O 9. Nc4 Be6 10. Bg5 h6 11. Bh4 g5 12. Nxg5 hxg5 13. Bxg5 Kg7 14. Qf3 Rh8 15.
Ne3 Nb8 16. Nf5+ Bxf5 17. Qxf5 Nbd7 18. Rae1 Qe7 19. Kh1 Rh5 20. h3 Rah8 21. Bd1
R5h7 22. Bb3 Rh5 23. Bd1 R5h7 24. Bb3 1/2-1/2

[Event "21st European Teams Women"]
[Site "Hersonissos GRE"]
[Date "2017.10.28"]
[Round "1.5"]
[Board "3"]
[White "Hoolt, Sarah"]
[Black "Vrbova, Niki"]
[Result "1-0"]
[WhiteTitle "WGM"]
[BlackTitle "WFM"]
[WhiteElo "2423"]
[BlackElo "2188"]
[WhiteTeam "Germany"]
[BlackTeam "Slovakia"]
[WhiteFideId "24606812"]
[BlackFideId "14906341"]
[EventDate "2017.10.28"]

1. e4 c5 2. Nf3 Nc6 3. Bb5 g6 4. Bxc6 dxc6 5. d3 Bg7 6. h3 Nf6 7. Nc3 O-O 8. Be3
b6 9. Qd2 e5 10. Bh6 Qe7 11. O-O-O Re8 12. Bxg7 Kxg7 13. Nh2 b5 14. f3 a5 15.
Ng4 a4 16. Ne2 Ra7 17. Qh6+ Kh8 18. Nxf6 Qxf6 19. h4 Qe6 20. Kb1 a3 21. b3 c4
22. Qe3 cxb3 23. cxb3 Rd7 24. Qc5 Qd6 25. b4 Qxc5 26. bxc5 Red8 27. Kc2 b4 28.
Rd2 Rb7 29. Nc1 Be6 30. Nb3 Rb5 31. Rhd1 Bxb3+ 32. Kxb3 Rd4 33. Rc1 Kg7 34. Rc4
Kf6 35. Rxd4 exd4 36. Kc4 g5 37. hxg5+ Kxg5 38. g3 h5 39. Rh2 f6 40. Kxd4 h4 41.
gxh4+ Kf4 42. h5 b3 43. axb3 Rxb3 44. Ra2 Kxf3 45. h6 Rb7 46. Rxa3 Rd7+ 47. Kc4
Ke3 48. h7 Rxh7 49. Ra1 Rd7 50. Re1+ Kd2 51. Rf1 Ke3 52. Rxf6 Rd4+ 53. Kc3 Rxd3+
54. Kb4 Kxe4 55. Re6+ Kf5 56. Rxc6 Ke5 57. Rh6 Rd1 58. Kb5 Rb1+ 59. Kc6 Rg1 60.
Kb6 Rb1+ 61. Kc7 Kd5 62. c6 Rg1 63. Kb7 Rb1+ 64. Kc8 Kc5 65. c7 Rg1 66. Re6 Rd1
67. Kb7 1-0